[Event "Santo Domingo Duarte Memorial 8th"]
[Site "Santo Domingo"]
[Date "2019.01.27"]
[Round "8"]
[White "Montero Marcelle, Henry"]
[Black "Arias Diaz, Ernesto Antonio"]
[Result "0-1"]
[WhiteElo "1741"]
[BlackElo "1912"]
[PlyCount "88"]
[EventDate "2019.01.18"]
[EventType "swiss"]
[EventRounds "8"]
[EventCountry "DOM"]
[SourceTitle "CBM 188 Extra"]
[Source "ChessBase"]
[SourceDate "2019.02.26"]
[SourceVersion "1"]
[SourceVersionDate "2019.02.26"]
[SourceQuality "1"]

1. c4 Nf6 2. Nc3 e6 3. d4 Bb4 4. Qc2 c5 5. Nf3 Nc6 6. e3 d5 7. a3 Bxc3+ 8. Qxc3 Ne4 9. Qc2 0-0 10. dxc5 Qa5+ 11. Bd2 Qxc5 12. b4 Qb6 13. c5 Qc7 14. Bd3 f5 15. 0-0 Rf6 16. Bc1 Rh6 17. g3 Bd7 18. Bb2 Re8 19. b5 Ne7 20. Rac1 Ng6 21. c6 bxc6 22. bxc6 Bc8 23. Qa4 e5 24. Ba6 f4 25. Bxc8 Rxc8 26. Qb5 Nf6 27. Qb7 e4 28. Qxc7 Rxc7 29. Nd4 Ng4 30. h4 fxe3 31. fxe3 Nxe3 32. Rf2 Nc4 33. Bc3 Nge5 34. Bb4 Rf6 35. Rcf1 Kf7 36. Rb1 Nxc6 37. Nxc6 Rcxc6 38. Rd1 a5 39. Be1 Ne3 40. Rb1 Rxf2 41. Kxf2 Ng4+ 42. Kf1 a4 43. Bb4 Rc2 44. Rd1 Ne3+ 0-1